000 00548nam a2200181Ia 4500
005 20250508160208.0
008 008 250505s9999 xx 000 0 eng d
037 _aBooks to be hide in OPAC
040 _aFEDL
_beng
_cFEDL
041 _aeng
_2eng
084 _a372.973, WAS/O
_qFEDL
245 0 _aKindergarten-first-grade curriculum
260 _aWashington, USA
_bU.S. Government Printing Office
_c1922
300 _avii,66p.
546 _aBulletin, 1922, No. 15
942 _cHB
_h372.973, WAS/O
999 _c1362578
_d1362578